Personnages de Ninjago : les maîtres du spinjitzu par image (Part 2) - Statistiques

Statistiques générales
  • Ce quiz a été pris 280 fois
  • Le résultat moyen est 7 sur 16
Statistiques - réponses
Par images Réponse % Correct
Acronix et Krux
79%
Senseï Yang
71%
Ultra Violet
71%
Harumi
69%
Nadakhan
63%
Clouse
58%
Les Fantômes
49%
Mister. E
49%
Les Pirates du Ciel
41%
La Très Puissante /La Prééminente
39%
Iron Baron
38%
L’Oméga
38%
Les Vermillions
33%
Killow
29%
Les Chasseur de Dragons
9%
Colossi
4%
Aucun quiz correspondant
Distribution des résultats
% des personnes avec chaque résultat
Percentile par nombre de réponses
Votre historique - résultats
Vous n’avez pas pris ce quiz